00982nam a22002657a 45000010005000000030006000050050017000110080041000280200018000690400029000870500019001160820013001351000018001482450077001662500041002432600034002843000056003185050007003745200226003815210018006075210018006256500016006436500021006597000036006808298FISKH20250908151543.0250908b cb ||||| |||| 00| 0 eng d a9780545556323 aFISKHbengcFISKHdFISKH aGV1785.B3 W56  a792.8092 aWinter, Jonah aJazz age Josephine /cBy Jonah Winter ; Illustrated by Marjorie Priceman aThis edition first published in 2012 aNew York :bScholastic,c2012 a38 unnumbered pages :bcolor illustrations ;c26 cm aR  aA tribute to the life of the iconic jazz entertainer depicts her disadvantaged youth in a segregated America, her unique performance talents, and the irrepressible sense of style that helped her overcome racial barriers. 8 a770 bLexile 8 aR bRaz-Plus  2JazzaDance 2BiographyaBlues aPriceman, Marjoriedillustrator